| 000 | 00839nam a2200301 a 4500 | ||
|---|---|---|---|
| 003 | AR-BaBNM | ||
| 005 | 20251128203727.0 | ||
| 008 | 082120s2002 ||||||||||||||000 | spa|| | ||
| 040 | _cAR-BaBNM | ||
| 245 | 0 | 0 | _aLa canción de Rolando |
| 260 |
_aBuenos Aires _bLibrería Hachette _c1947 |
||
| 300 | _a178 p. | ||
| 490 | 0 | _aClásicos Hachette | |
| 500 | _aTraducción al castellano sobre el texto publicado según el manuscrito de Joseph Bédier | ||
| 600 | 0 | 4 | _aCarlomagno |
| 650 | 4 | _aLITERATURA FRANCESA | |
| 650 | 4 | _aHISTORIA LITERARIA | |
| 650 | 4 | _aEDAD MEDIA | |
| 650 | 4 | _aLITERATURA FOLKLORICA | |
| 650 | 4 | _aLITERATURA POPULAR | |
| 650 | 4 | _aTRADICION ORAL | |
| 650 | 4 | _aCANTARES DE GESTA | |
| 653 | _aEPICA | ||
| 655 | _aLITERATURA | ||
| 700 | 1 |
_aMuñíz, Enriqueta _etraductor |
|
| 942 | _cBK | ||
| 998 | _cMARTIN | ||
| 999 |
_c4667 _d4667 |
||